Stres na pracovisku vyvolaný neprimeranými požiadavkami na výkon práce

Problematika právnej ochrany zamestnancov pred stresom na pracovisku, ktorý je vyvolaný neprimeranými pracovnými požiadavkami zamestnávateľa. Náhľad na predkladanú problematiku po zohľadnení všeobecných východísk normovania práce. Normy spotreby práce sa analyzujú vo vzťahu k ochrane duševného zdrav...

Descripción completa

Guardado en:
Detalles Bibliográficos
Autor principal: Dolobáč, Marcel
Otros Autores: Ridzoň, Matúš
Formato: Capítulo de libro
Lenguaje:eslovaco
Materias:
Etiquetas: Agregar Etiqueta
Sin Etiquetas, Sea el primero en etiquetar este registro!

MARC

LEADER 00000naa a2200000 4500
001 0281718
005 20220203135045.3
041 0 |a slo 
044 |a SK 
245 1 0 |a Stres na pracovisku vyvolaný neprimeranými požiadavkami na výkon práce  |c Marcel Dolobáč, Matúš Ridzoň 
520 |a Problematika právnej ochrany zamestnancov pred stresom na pracovisku, ktorý je vyvolaný neprimeranými pracovnými požiadavkami zamestnávateľa. Náhľad na predkladanú problematiku po zohľadnení všeobecných východísk normovania práce. Normy spotreby práce sa analyzujú vo vzťahu k ochrane duševného zdravia zamestnancov. Možnosti zlepšenia právnej úpravy a praxe v oblasti predmetnej problematiky. 
610 2 0 |a stresy 
610 2 0 |a právo pracovné 
610 2 0 |a zdravie duševné 
610 2 0 |a ochrana právna 
610 2 0 |a zamestnanci 
610 2 0 |a normy spotreby práce 
100 1 |a Dolobáč, Marcel 
700 1 |a Ridzoň, Matúš